Are You Smarter Than a College Student? XI Quiz Stats

Quiz Updated Sep 21, 2017

Challenge
Share
Tweet
Embed
Score 0/30 Timer 07:00
1 Play Today
% Correct
Easyindex
96.1%
EasyPixar
92.7%
EasyMexico
92.4%
EasyRichard Nixon
86.2%
EasyVixen
84.8%
EasyThe Matrix
83.4%
EasyXerox
83%
EasyTexas
82.9%
EasyTrix
80.9%
Easydouble helix
77.9%
Mediumfax
75.7%
MediumPhoenix
75.6%
MediumBoston Red Sox
74.5%
Mediumox
69.2%
MediumTaxi
66.4%
% Correct
MediumExodus
66.4%
MediumStyx
66.1%
MediumAjax
62.4%
MediumLexus
57.7%
MediumDon Quixote
55.3%
Hardfox
51.5%
HardXenon
49.7%
HardXena: Warrior Princess
49.1%
HardExxon Mobil
48.9%
HardX-ray
46.3%
HardXerxes I
43.1%
HardXylophone
35.8%
HardDrexel
25.5%
HardSixtus IV
16.2%
HardChamonix
15%

You're not logged in!

Compare scores with friends on all Sporcle quizzes.
Sign Up with Email
OR
Log In

Show Comments

Extras

Top Quizzes Today


Score Distribution

Your Account Isn't Verified!

In order to create a playlist on Sporcle, you need to verify the email address you used during registration. Go to your Sporcle Settings to finish the process.